[Event "Roncana op-C U14 7th"]
[Site "Santa Eulalia de Roncana"]
[Date "2013.11.16"]
[Round "6"]
[White "Mendez Lorca, Pol"]
[Black "Colazo Casals, Marc"]
[Result "1/2-1/2"]
[WhiteElo "1713"]
[BlackElo "1700"]
[PlyCount "76"]
[EventDate "2013.10.05"]
[EventType "swiss"]
[EventRounds "8"]
[EventCountry "ESP"]
[SourceTitle "EXT 2015"]
[Source "ChessBase"]
[SourceDate "2014.11.20"]
[SourceVersion "1"]
[SourceVersionDate "2014.11.20"]
[SourceQuality "1"]

1. e4 e5 2. Nf3 Nc6 3. Nc3 Bb4 4. Bc4 Nf6 5. Ng5 0-0 6. Nxf7 Rxf7 7. Bxf7+ Kxf7 8. 0-0 Bxc3 9. bxc3 Nxe4 10. Qf3+ Nf6 11. Ba3 e4 12. Qf5 g6 13. Qg5 h6 14. Qxh6 d6 15. d3 Ng4 16. Qh7+ Ke6 17. Qxg6+ Qf6 18. Qxf6+ Nxf6 19. dxe4 Nxe4 20. Rae1 Kd5 21. c4+ Kd4 22. c3+ Nxc3 23. Bb2 Bf5 24. Rd1+ Kxc4 25. Rc1 Bd3 26. Rfe1 Nb4 27. Bxc3 Rg8 28. Bxb4+ Kxb4 29. Re3 Bc4 30. Rb1+ Kc5 31. Rxb7 Ba6 32. Rc3+ Kd4 33. Rcb3 Bxb7 34. Rxb7 Re8 35. Kf1 Kd3 36. Rxa7 Re2 37. Ra3+ Kd2 38. f4 Re1+ 1/2-1/2